Twilight in the desert : the coming Saudi oil shock and the world economy /
| Main Author: | |
|---|---|
| Format: | Book |
| Language: | English |
| Published: |
Hoboken, N.J. :
John Wiley & Sons,
c2005.
|
| Subjects: | |
| Online Access: | Table of contents only Contributor biographical information Publisher description |
| Classic Catalogue: | View this record in Classic Catalogue |
| LEADER | 01580nam a22003494a 4500 | ||
|---|---|---|---|
| 001 | 28928 | ||
| 003 | BD-DhAAL | ||
| 005 | 20150301105658.0 | ||
| 008 | 150301s2005 njuab b 001 0 eng | ||
| 010 | |a 2005006852 | ||
| 020 | |a 9780471738763 (cloth) | ||
| 020 | |a 047173876X (cloth) | ||
| 040 | |a DLC |c DLC |d DLC |d BD-DhAAL | ||
| 042 | |a pcc | ||
| 043 | |a a-su--- | ||
| 050 | 0 | 0 | |a HD9576.S32 |b S55 2005 |
| 082 | 0 | 0 | |a 338.272809538 |2 22 |
| 100 | 1 | |a Simmons, Matthew R. |9 8860 | |
| 245 | 1 | 0 | |a Twilight in the desert : |b the coming Saudi oil shock and the world economy / |c Matthew R. Simmons. |
| 260 | |a Hoboken, N.J. : |b John Wiley & Sons, |c c2005. | ||
| 300 | |a xxii, 422 p. : |b ill., maps ; |c 24 cm. | ||
| 504 | |a Includes bibliographical references (p. 391-408) and index. | ||
| 541 | |e 28928 | ||
| 650 | 0 | |a Petroleum industry and trade |z Saudi Arabia. |9 8861 | |
| 650 | 0 | |a Petroleum industry and trade |z Saudi Arabia |x Forecasting. |9 8862 | |
| 650 | 0 | |a Petroleum reserves |z Saudi Arabia. |9 8863 | |
| 856 | 4 | 1 | |3 Table of contents only |u http://www.loc.gov/catdir/toc/ecip059/2005006852.html |
| 856 | 4 | 2 | |3 Contributor biographical information |u http://www.loc.gov/catdir/enhancements/fy0621/2005006852-b.html |
| 856 | 4 | 2 | |3 Publisher description |u http://www.loc.gov/catdir/enhancements/fy0621/2005006852-d.html |
| 942 | |2 ddc |c BK | ||
| 999 | |c 33826 |d 33826 | ||
| 952 | |0 0 |1 0 |2 ddc |4 0 |6 338_272809538000000_SIM |7 0 |9 52813 |a BRACUL |b BRACUL |c GEN |d 2015-03-01 |e BRAC Institute of Language (BIL) |l 0 |o 338.272809538 SIM |p 3010028928 |r 2015-03-01 |t 1 |w 2015-03-01 |y BK |x Transferred from BIL to BRACUL on 06/06/22 | ||